Warhammer 40000 - quiz z wiedzy ogólnej - Statystyki

Ogólne statystyki
  • Ten quiz został rozwiązany 16 razy
  • Średni wynik to 9 z 15
Statystyki odpowiedzi
Zagadnienie Odpowiedź % Poprawnych
Jak nazywa się potężny, orkowy przywódca, prorok Gorka i Morka, zwany "Bestią Armageddonu"? Ghazghkull
80%
Jak nazywa się Tyranid, pełniący rolę skrytobójcy i zwiadowcy, zdolny do niemal perfekcyjnego kamuflażu? Lictor
80%
Który termin oznacza operację przemiany "starego" Kosmicznego Marine (Firstborn) w Kosmicznego Marine Primaris? Rubicon Primaris
80%
Który Lord Nekronów słynie z obsesyjnego kolekcjonowania artefaktów i żywych istot w swoich galeriach na planecie Solemnace? Trazyn Nieskończony
80%
Który zakon Kosmicznych Marines, jest głównym bohaterem serii gier Dawn Of War? Krwawe Kruki
73%
Na jakim księżycu Saturna znajduje się główna kwatera Szarych Rycerzy? Tytan
73%
Jak nazywa się statek kosmiczny, na którego pokładzie doszło do ostatecznego starcia pomiędzy Horusem Luperkalem a Imperatorem? Mściwy Duch
67%
Jak nazywała się eldarska prorokini boga śmierci, która odegrała kluczową rolę w przebudzeniu Roboute Guillimana? Yvraine
67%
Który zdrajca Imperium zadał "niemal śmiertelny" cios prymarsze Roboutowi Guillimanowi, po którym ten spędził 10 000 lat w polu stazy? Fulgrim
60%
Potężny demon osnowy, aspirujący do bycia piątym bogiem Chaosu, władca Kuźni Dusz i bohater kampanii Arki Omenu to: Vashtorr
60%
Czym jest Cicatrix Maledictum? Wielka Szczelina osnowy dzieląca galaktykę na pół
53%
Mroczne miasto położone pośród Pajęczego Traktu, będące siedzibą rasy Drukhari to: Commoragh
47%
Jak nazywa się potężny demon ukryty w mieczu Abaddona Profanatora, będący echem "pierwszego morderstwa"? Drach'nyen
47%
Który wariant legendarnego czołgu Leman Russ jest wyposażony w niszczycielskie działo plazmowe, zdolne do spopielenia najcięższego pancerza? Executioner
27%
Jak nazywa się legendarny dowódca Tau z Drugiej Ery Ekspansji, mentor dla wielu późniejszych bohaterów Dominium? Puretide
13%
Nie znaleziono quizów pasujących do podanych kryteriów
Rozkład punktacji
Procent ludzi z każdym wynikiem
Percentyl według liczby udzielonych odpowiedzi
Twoja historia wyników
Nie rozwiązałeś tego quizu